| 000 | 00513cam a2200145 4500500 | ||
|---|---|---|---|
| 005 | 20251228062728.0 | ||
| 041 | _afre | ||
| 042 | _adc | ||
| 100 | 1 | 0 |
_aBoniface, Pascal _eauthor |
| 245 | 0 | 0 | _aLe monde occidental est mort, mais l’Europe l’ignore |
| 260 | _c2025. | ||
| 500 | _a1 | ||
| 786 | 0 | _nRevue internationale et stratégique | 140 | 4 | 2025-11-14 | p. 17-26 | 1287-1672 | |
| 856 | 4 | 1 | _uhttps://shs.cairn.info/revue-revue-internationale-et-strategique-2025-4-page-17?lang=fr&redirect-ssocas=7080 |
| 999 |
_c1588707 _d1588707 |
||